000 01016cam a22001935a 4500
001 L157236
008 121002s1824 xxk f 000 0 eng d
035 _a(Sirsi) u157236
041 0 _aeng
100 1 _aPeddie, Alexander
245 0 4 _aThe practical measurer, or tradesman and wood merchant's assistant
_bcontaining a variety of tables, shewing the superficial and solid content of bound, square, and unequal sided timber or stone : with many other subjects entertaining and useful. Designed for the use of artificers, wrights, carpenters, sawyers, plasterers, glaziers, builders, masons, bricklayers, wood merchants, painters, ditchers, causewaylayers, &c.
260 _aGlasgow
_bKhull, Blackie, and Co.
_aEdinburgh
_bA. Fullarton and Co.
_c1824
300 _a230 p.
_bill.
_c15 cm.
520 _aContains annotations, and has names inscribed on the front endpaper.
583 _aCondition reviewed
_c20120620
_lcondition level 1
651 4 _aGreat Britain
_y1707-
690 _aMeasurement
_96256
942 _n0
999 _c114666
_d114666